The olympics

Bibliographic Details
Main Author: Shuter, Jane
Format: Book
Published: Oxford : Heinemann Educational Publishers , 2006
Series:Heinemann English Readers
Subjects:

MARC

LEADER 00000cam a2200000 7i4500
001 0000108126
005 20070504.0
020 |a 9780435010546 
090 0 0 |a 001.415   |b SHU 
100 1 |a Shuter, Jane 
245 1 4 |a The olympics   |c Jane Shuter 
260 |a Oxford :   |b Heinemann Educational Publishers ,   |c 2006 
300 |a 48p. :   |b ill. ;   |c 26cm. 
490 0 |a Heinemann English Readers 
650 0 0 |a Olympic games   |x Chronology   |x Juvenile literature 
999 |a 00202160   |b BUKU   |c JUNIOR BOOKS   |e PERPUSTAKAAN KOMUNITI PETALING JAYA